MARC details
| 000 -LEADER |
| campo de control de longitud fija |
03246cam a2200517 i 4500 |
| 001 - NÚMERO DE CONTROL |
| campo de control |
22597676 |
| 003 - IDENTIFICADOR DE NÚMERO DE CONTROL |
| campo de control |
OSt |
| 005 - FECHA Y HORA DE LA ÚLTIMA TRANSACCIÓN |
| campo de control |
20260313212841.0 |
| 008 - DATOS DE LONGITUD FIJA--INFORMACIÓN GENERAL |
| campo de control de longitud fija |
220412s2021 mx a b 000 0 spa |
| 010 ## - NÚMERO DE CONTROL DE LA BIBLIOTECA DEL CONGRESO |
| Número de control de LC |
2022432063 |
| 020 ## - NÚMERO INTERNACIONAL ESTÁNDAR DEL LIBRO |
| Número Internacional Estándar del Libro |
9786073051828 |
| Información calificativa |
(impreso : UNAM) |
| 020 ## - NÚMERO INTERNACIONAL ESTÁNDAR DEL LIBRO |
| Número Internacional Estándar del Libro |
6073051824 |
| Información calificativa |
(impreso : UNAM) |
| 020 ## - NÚMERO INTERNACIONAL ESTÁNDAR DEL LIBRO |
| Número Internacional Estándar del Libro |
9788417975920 |
| Información calificativa |
(impreso : Editiorial RM) |
| 020 ## - NÚMERO INTERNACIONAL ESTÁNDAR DEL LIBRO |
| Número Internacional Estándar del Libro |
8417975926 |
| Información calificativa |
(impreso : Editiorial RM) |
| 035 ## - NÚMERO DE CONTROL DEL SISTEMA |
| Número de control de sistema |
22597676 |
| 035 ## - NÚMERO DE CONTROL DEL SISTEMA |
| Número de control de sistema |
(CVcHKB)hkb0000010962 |
| 040 ## - FUENTE DE CATALOGACIÓN |
| Centro catalogador/agencia de origen |
DLC |
| Lengua de catalogación |
eng |
| Normas de descripción |
rda |
| Centro/agencia transcriptor |
DLC |
| Centro/agencia modificador |
DLC |
| 041 0# - CÓDIGO DE IDIOMA |
| Código de lengua del texto/banda sonora o título independiente |
spa |
| -- |
eng |
| 042 ## - CÓDIGO DE AUTENTICACIÓN |
| Código de autenticación |
pcc |
| 050 00 - SIGNATURA TOPOGRÁFICA DE LA BIBLIOTECA DEL CONGRESO |
| Número de clasificación |
N6559.C3735 |
| Número de ítem |
A4 2021 |
| 082 00 - NÚMERO DE LA CLASIFICACIÓN DECIMAL DEWEY |
| Número de clasificación |
709.2 |
| Número de edición |
23/eng/20240409 |
| 100 1# - ENTRADA PRINCIPAL--NOMBRE DE PERSONA |
| Nombre de persona |
Castillo Deball, Mariana, |
| Término indicativo de función/relación |
autora. |
| 240 10 - TÍTULO UNIFORME |
| Título uniforme |
Works. |
| Subencabezamiento de forma |
Selections |
| 245 10 - MENCIÓN DEL TÍTULO |
| Título |
Amarantus / |
| Mención de responsabilidad, etc. |
Mariana Castillo Deball |
| 250 ## - MENCION DE EDICION |
| Mención de edición |
Primera edición. |
| 264 #1 - PRODUCCIÓN, PUBLICACIÓN, DISTRIBUCIÓN, FABRICACIÓN Y COPYRIGHT |
| Producción, publicación, distribución, fabricación y copyright |
Ciudad de Mexico : |
| Nombre del de productor, editor, distribuidor, fabricante |
MUAC, Museo Universitario Arte Contemporáneo, UNAM : |
| -- |
Editorial RM, |
| Fecha de producción, publicación, distribución, fabricación o copyright |
2021. |
| 300 ## - DESCRIPCIÓN FÍSICA |
| Extensión |
239 páginas : |
| Otras características físicas |
ilustraciones a color ; |
| Dimensiones |
24 cm. |
| 336 ## - TIPO DE CONTENIDO |
| Término de tipo de contenido |
texto |
| Código de tipo de contenido |
txt |
| Fuente |
contenido RDA |
| 337 ## - TIPO DE MEDIO |
| Nombre/término del tipo de medio |
sin medio |
| Código del tipo de medio |
n |
| Fuente |
medio RDA |
| 338 ## - TIPO DE SOPORTE |
| Nombre/término del tipo de soporte |
volumeN |
| Código del tipo de soporte |
nc |
| Fuente |
soporte RDA |
| 490 0# - MENCIÓN DE SERIE |
| Mención de serie |
Folio MUAC ; |
| Designación de volumen o secuencia |
089 |
| 500 ## - NOTA GENERAL |
| Nota general |
"Publicado con motivo de la exposición Mariana Castillo Deball: amarantus. (16 de octubre de 2021 al 1 de mayo de 2022) MUAC, Museo Universitario Arte Contemporáneo. UNAM, Universidad Nacional Autónoma de México, Ciudad de México."--Colofón. |
| 504 ## - NOTA DE BIBLIOGRAFÍA, ETC. |
| Nota de bibliografía, etc. |
Incluye referencias bibliográficas. |
| 505 8# - NOTA DE CONTENIDO CON FORMATO |
| Nota de contenido con formato |
Presentación = Prólogo / Heinz-Peter Tempe í -- Atrapar el azar = Capturando oportunidades / Catalina Lozano - - Vújá de: más allá de los libros = Vújá de: Beyond books / Mariana Castillo Deball -- Mbo Xtá rída: gente piel = Mbo Xtá rída: skin people / Hubert Matiúwaa -- El jardin del pintor = The pintor's garden / Tatiana Falc ón -- La doble vida del Códice Azoyú = La doble vida del códice Azoyú / Mariana Castillo Deball, Isadora Hastings -- Semblanza = Semblanza biográfica -- Catálogo = Catálogo. |
| 520 ## - RESUMEN, ETC. |
| Sumario, etc. |
Amarantus es la primera retrospectiva en México de la obra de Mariana Castillo Deball (Ciudad de México, 1975, vive y trabaja en Alemania), quien, a lo largo de los últimos veinte años, ha creado un vasto corpus de trabajo en el espacio entre la ciencia, la narrativa, la ficción y las artes visuales, así como su relación con las formas en que la historia precolonial de México ha sido apropiada e investigada en diferentes momentos. |
| 546 ## - NOTA DE IDIOMA |
| Nota de lengua/lenguaje |
Text in Spanish and English. |
| 600 10 - PUNTO DE ACCESO ADICIONAL DE MATERIA--NOMBRE DE PERSONA |
| Nombre de persona |
Castillo Deball, Mariana, |
| Fechas asociadas al nombre |
1975- |
| Subdivisión de forma |
Exposiciones. |
| 600 10 - PUNTO DE ACCESO ADICIONAL DE MATERIA--NOMBRE DE PERSONA |
| Nombre de persona |
Castillo Deball, Mariana, |
| Fechas asociadas al nombre |
1975- |
| Subdivisión general |
Crítica e interpretación. |
| 650 #0 - PUNTO DE ACCESO ADICIONAL DE MATERIA--TÉRMINO DE MATERIA |
| Término de materia o nombre geográfico como elemento de entrada |
Arte, Moderno |
| Subdivisión cronológica |
siglo XXI |
| Subdivisión de forma |
Exposiciones. |
| 655 #7 - TERMINO DE INDIZACIÓN--GENERO/FORMA |
| Datos o término principal de género/forma |
Catálogos de exposiciones. |
| Fuente del término |
lcgft |
| Número de control del registro de autoridad o número normalizado |
https://id.loc.gov/authorities/genreForms/gf2014026098 |
| 710 2# - ENTRADA AGREGADA--NOMBRE DE ENTIDAD CORPORATIVA |
| Nombre de entidad corporativa o nombre de jurisdicción como elemento de entrada |
Universidad Nacional Autónoma de México. |
| Unidad subordinada |
Museo Universitario Arte Contemporáneo, |
| Término indicativo de función/relación |
institución anfitriona. |
| 906 ## - ELEMENTOS DE DATOS F LOCAL, LDF (RLIN) |
| a |
7 |
| b |
cbc |
| c |
origres |
| d |
2 |
| e |
ncip |
| f |
20 |
| g |
y-gencatlg |
| 942 ## - ELEMENTOS DE ENTRADA SECUNDARIOS (KOHA) |
| Fuente del sistema de clasificación o colocación |
Clasificación Decimal Dewey |
| Tipo de ítem Koha |
Libros |
| Suprimir en OPAC |
No |